[Event "80th POL-ch"]
[Site "Warszawa POL"]
[Date "2023.04.17"]
[Round "6.4"]
[White "Goraj, Barbara"]
[Black "Antolak, Julia"]
[Result "0-1"]
[WhiteElo "2141"]
[BlackElo "2245"]
[EventDate "2023.04.12"]
[PlyCount "136"]
1.c4 c6 2.Nf3 d5 3.e3 Nf6 4.b3 Bg4 5.Bb2 e6 6.Be2 Nbd7 7.O-O Bd6 8.d4 O-O 
9.Nc3 Re8 10.h3 Bh5 11.Rc1 a6 12.Re1 Rc8 13.c5 Bb8 14.b4 Qc7 15.g3 Bg6 16.
Nh4 Ne4 17.Nxe4 Bxe4 18.a4 Qd8 19.b5 axb5 20.axb5 Qg5 21.Nf3 Qg6 22.Kh2 
Qh6 23.Nd2 Nf6 24.f4 Bf5 25.Bf1 g5 26.Nf3 Ne4 27.Ne5 Bxe5 28.dxe5 Nf2 29.
Qf3 Nxh3 30.g4 Nxf4+ 31.Kg1 Be4 32.Qg3 Ng6 33.b6 Nh4 34.Red1 Qg6 35.Ra1 
Kg7 36.Be2 Rf8 37.Rf1 Bd3 38.Rf6 Qe4 39.Bxd3 Qxd3 40.Raf1 Qe4 41.Kh2 Ng6 
42.Qf2 Nh8 43.Kg3 Ra8 44.Bd4 Ra3 45.Rf3 Kg8 46.Qh2 Rfa8 47.Qh6 Qg6 48.
Qxg6+ fxg6 49.Rf6 Re8 50.R1f2 Raa8 51.Bc3 Re7 52.Bd4 Kg7 53.Bc3 Nf7 54.Rh2
Nh6 55.Rhf2 Ng8 56.Bd4 h5 57.Rf1 Nh6 58.gxh5 gxh5 59.Rh1 h4+ 60.Kh3 Rf7 
61.Rxe6 Ra2 62.Rf6 Rxf6 63.exf6+ Kg6 64.Rg1 Kh5 65.Rg2 g4+ 66.Kh2 Rxg2+ 
67.Kxg2 Kg6 68.Kf2 Ng8 0-1

[Event "80th POL-ch"]
[Site "Warszawa POL"]
[Date "2023.04.17"]
[Round "6.5"]
[White "Kulon, Klaudia"]
[Black "Rudzinska, Michalina"]
[Result "1-0"]
[WhiteElo "2317"]
[BlackElo "2244"]
[EventDate "2023.04.12"]
[PlyCount "77"]
1.e4 c6 2.d4 d5 3.exd5 cxd5 4.Bd3 Nf6 5.c3 Bg4 6.Qb3 Qc7 7.h3 Bh5 8.g4 Bg6
9.Bxg6 hxg6 10.g5 Nfd7 11.Qxd5 Nc6 12.Ne2 e5 13.Be3 Nb6 14.Qf3 O-O-O 15.
Nd2 Nd5 16.Nb3 a5 17.Rd1 a4 18.Nbc1 Nxe3 19.fxe3 exd4 20.exd4 Bd6 21.Kd2 
Rde8 22.Nd3 Na5 23.Kc1 Nc4 24.b3 axb3 25.axb3 Ne3 26.Rd2 Qa5 27.Kb1 Nf5 
28.Ra2 Qb5 29.Nec1 Re3 30.Qf1 Kb8 31.c4 Qe8 32.c5 Ng3 33.Qg2 Nxh1 34.cxd6 
Rexh3 35.Qd5 Rxd3 36.Qa5 Rxb3+ 37.Nxb3 Qe4+ 38.Ka1 b6 39.Qa7+ 1-0

[Event "80th POL-ch"]
[Site "Warszawa POL"]
[Date "2023.04.18"]
[Round "7.1"]
[White "Socko, Monika"]
[Black "Goraj, Barbara"]
[Result "1-0"]
[WhiteElo "2440"]
[BlackElo "2141"]
[EventDate "2023.04.12"]
[PlyCount "71"]
1.d4 Nf6 2.c4 g6 3.Nc3 Bg7 4.e4 d6 5.Nf3 O-O 6.Be2 Nbd7 7.O-O e5 8.Be3 Qe7
9.Qc2 c6 10.d5 c5 11.Ne1 Kh8 12.g3 Ng8 13.Ng2 f5 14.f4 exf4 15.gxf4 Ndf6 
16.e5 dxe5 17.fxe5 Qxe5 18.Bxc5 Re8 19.Rad1 f4 20.Bd4 Qg5 21.Rxf4 Bh3 22.
Rf2 Nh6 23.Qd3 Bf5 24.h4 Qxg2+ 25.Rxg2 Bxd3 26.Bxd3 Nfg4 27.Bxg7+ Kxg7 28.
Re2 Nf5 29.Bxf5 gxf5 30.Rde1 Rxe2 31.Rxe2 Kg6 32.Kg2 f4 33.Re6+ Kf5 34.Nb5
f3+ 35.Kg3 f2 36.Nd4# 1-0

[Event "80th POL-ch"]
[Site "Warszawa POL"]
[Date "2023.04.18"]
[Round "7.2"]
[White "Rudzinska, Michalina"]
[Black "Zawadzka, Jolanta"]
[Result "1/2-1/2"]
[WhiteElo "2244"]
[BlackElo "2350"]
[EventDate "2023.04.12"]
[PlyCount "104"]
1.e4 e5 2.Nf3 Nc6 3.Nc3 Nf6 4.Bb5 Nd4 5.Bc4 d6 6.h3 c6 7.d3 b5 8.Bb3 a5 9.
a4 Nxb3 10.cxb3 b4 11.Ne2 Be7 12.O-O O-O 13.Ng3 c5 14.Re1 Ne8 15.Nd2 g6 
16.Nc4 Ng7 17.Bh6 Bh4 18.Qf3 Ra7 19.Nf1 f5 20.g3 fxe4 21.Qg2 exd3 22.gxh4 
Bb7 23.Qg5 Qd7 24.Re3 Rf5 25.Qg4 Qc6 26.f3 Bc8 27.Qg2 Ne6 28.Ng3 Nd4 29.
Nxf5 Bxf5 30.Qg5 Ne6 31.Qg3 Rf7 32.Rf1 Qd5 33.Ree1 Nd4 34.Qg5 Ne6 35.Qg2 
Nd4 36.Qg5 Ne6 37.Qg2 Nd4 38.f4 e4 39.Ne3 Qxb3 40.Nxf5 Nxf5 41.Rxe4 Nxh6 
42.h5 Kg7 43.Rfe1 Nf5 44.hxg6 hxg6 45.Re6 Nh4 46.Qg3 Qd5 47.Qxh4 d2 48.
Rxg6+ Kxg6 49.Qg4+ Kh7 50.Qh4+ Kg7 51.Qg4+ Kh7 52.Qh4+ Kg7 1/2-1/2

[Event "80th POL-ch"]
[Site "Warszawa POL"]
[Date "2023.04.18"]
[Round "7.3"]
[White "Kaszlinska, Alina"]
[Black "Kulon, Klaudia"]
[Result "1-0"]
[WhiteElo "2483"]
[BlackElo "2317"]
[EventDate "2023.04.12"]
[PlyCount "65"]
1.d4 d5 2.c4 e6 3.Nf3 Nf6 4.Nc3 dxc4 5.e4 Bb4 6.Bxc4 Nxe4 7.O-O Nxc3 8.
bxc3 Be7 9.Qe2 O-O 10.Rd1 Nc6 11.Ne5 Bd6 12.Rd3 f5 13.Rg3 Bxe5 14.dxe5 Na5
15.Bh6 Rf7 16.Rd1 Qe8 17.Qh5 Bd7 18.Bxg7 f4 19.Bd3 Rf5 20.Bf6+ fxg3 21.
Qg4+ Qg6 22.Qxg6+ hxg6 23.Bxf5 gxh2+ 24.Kxh2 gxf5 25.Rxd7 c5 26.Kg3 b6 27.
Rc7 a6 28.Kf4 Rb8 29.Re7 Rb7 30.Rxe6 Nc4 31.Kxf5 Kf7 32.Rc6 Ke8 33.e6 1-0

[Event "80th POL-ch"]
[Site "Warszawa POL"]
[Date "2023.04.18"]
[Round "7.4"]
[White "Sliwicka, Alicja"]
[Black "Malcewska, Aleksandra"]
[Result "1-0"]
[WhiteElo "2289"]
[BlackElo "2410"]
[EventDate "2023.04.12"]
[PlyCount "131"]
1.e4 c5 2.Nf3 g6 3.c4 Nc6 4.d4 cxd4 5.Nxd4 Nf6 6.Nc3 d6 7.Be2 Nxd4 8.Qxd4 
Bg7 9.O-O O-O 10.Qd3 a5 11.Be3 Bd7 12.Rad1 Bc6 13.f4 Nd7 14.Bf3 a4 15.e5 
Bxf3 16.Rxf3 Qa5 17.exd6 Nc5 18.Qc2 exd6 19.f5 Rfe8 20.Nd5 Ne4 21.Bb6 Qa6 
22.f6 Bf8 23.Re1 Ng5 24.Rfe3 Rxe3 25.Rxe3 Rc8 26.Rc3 Ne6 27.Qe4 Re8 28.Qh4
h5 29.Be3 b5 30.g4 bxc4 31.gxh5 g5 32.Qxc4 Qb7 33.Rc2 Nc7 34.Nxc7 Rxe3 35.
Nd5 Re5 36.Rd2 Qd7 37.Qf1 Qc6 38.Nc3 d5 39.Qf3 Qe6 40.Nxd5 Rf5 41.Qd3 Kh8 
42.Kg2 Re5 43.Nc3 Re3 44.Qd7 a3 45.Qxe6 fxe6 46.Nd1 axb2 47.Rxb2 Ra3 48.
Nf2 Kg8 49.Ng4 Ra4 50.h3 Bd6 51.Rd2 Ra6 52.h6 Kh7 53.f7 Bc5 54.Nf6+ Kxh6 
55.Nd7 Bb4 56.f8=Q+ Bxf8 57.Nxf8 Kg7 58.Nd7 Ra3 59.Nc5 e5 60.Nb3 Kf6 61.
Rf2+ Kg6 62.Kg3 Ra4 63.Re2 Kf5 64.Nc5 Rc4 65.Nd3 e4 66.Nf2 1-0

[Event "80th POL-ch"]
[Site "Warszawa POL"]
[Date "2023.04.18"]
[Round "7.5"]
[White "Antolak, Julia"]
[Black "Kiolbasa, Oliwia"]
[Result "1/2-1/2"]
[WhiteElo "2245"]
[BlackElo "2429"]
[EventDate "2023.04.12"]
[PlyCount "69"]
1.e4 e5 2.Nf3 Nc6 3.Bb5 a6 4.Ba4 Nf6 5.d3 b5 6.Bb3 Be7 7.Nc3 d6 8.a3 O-O 
9.O-O Na5 10.Ba2 c5 11.Bg5 Be6 12.b4 Nc6 13.Bxf6 Bxf6 14.Nd5 Rc8 15.c3 g6 
16.a4 cxb4 17.axb5 axb5 18.Nxb4 Nxb4 19.cxb4 d5 20.Re1 Ra8 21.d4 dxe4 22.
Bxe6 Rxa1 23.Qxa1 exf3 24.dxe5 Bg7 25.Bh3 Qh4 26.Qc3 fxg2 27.Bxg2 Rd8 28.
Qc5 Bf8 29.Qxb5 Bxb4 30.Rf1 Bc3 31.Qe2 Qf4 32.e6 Be5 33.Re1 Bd6 34.exf7+ 
Qxf7 35.Qf3 1/2-1/2

[Event "80th POL-ch"]
[Site "Warszawa POL"]
[Date "2023.04.19"]
[Round "8.1"]
[White "Zawadzka, Jolanta"]
[Black "Kaszlinska, Alina"]
[Result "1/2-1/2"]
[WhiteElo "2350"]
[BlackElo "2483"]
[EventDate "2023.04.12"]
[PlyCount "69"]
1.e4 e5 2.Nf3 Nc6 3.Nc3 Nf6 4.d4 exd4 5.Nxd4 Bb4 6.Nxc6 bxc6 7.Bd3 O-O 8.
O-O d5 9.exd5 cxd5 10.Bg5 Be6 11.Qf3 h6 12.Bxf6 Qxf6 13.Qxf6 gxf6 14.Ne2 
c5 15.c3 Ba5 16.Nf4 Rab8 17.Rab1 Rb6 18.c4 dxc4 19.Nxe6 Rxe6 20.Bxc4 Re4 
21.Rbc1 Rd8 22.Rc2 Rd2 23.Rxd2 Bxd2 24.b3 a5 25.Rd1 Re1+ 26.Rxe1 Bxe1 27.
Kf1 Bb4 28.Ke2 Kf8 29.Ke3 Bc3 30.Ke4 Be1 31.f4 Bd2 32.g3 Bc3 33.Kd5 Bb4 
34.Kd6 Ba3 35.Kd5 1/2-1/2

[Event "80th POL-ch"]
[Site "Warszawa POL"]
[Date "2023.04.19"]
[Round "8.2"]
[White "Antolak, Julia"]
[Black "Socko, Monika"]
[Result "1-0"]
[WhiteElo "2245"]
[BlackElo "2440"]
[EventDate "2023.04.12"]
[PlyCount "105"]
1.d4 Nf6 2.c4 e6 3.Nc3 Bb4 4.f3 d5 5.a3 Bxc3+ 6.bxc3 O-O 7.cxd5 exd5 8.e3 
Bf5 9.Bd3 Bxd3 10.Qxd3 c5 11.Ne2 Nc6 12.O-O Re8 13.Ng3 Rc8 14.Ra2 Qd7 15.
Raf2 Re6 16.Nf5 Na5 17.e4 cxd4 18.Nxd4 dxe4 19.fxe4 Nb3 20.Bh6 Nc5 21.Qg3 
Nh5 22.Qg4 Rxh6 23.Nf5 Rg6 24.Ne7+ Qxe7 25.Qxc8+ Qf8 26.Qxf8+ Kxf8 27.
Rxf7+ Ke8 28.R7f5 Na4 29.Re5+ Kd7 30.Rf7+ Kc6 31.Rxh5 h6 32.Ra5 Nc5 33.
Rxa7 Rd6 34.h3 g5 35.e5 Rd1+ 36.Kh2 h5 37.Ra8 Ne4 38.Rc8+ Kb6 39.Rc4 Nd2 
40.Rb4+ Kc5 41.e6 Nf1+ 42.Rxf1 Rxf1 43.Rxb7 Kd6 44.Rb5 g4 45.Rxh5 gxh3 46.
Rxh3 Kxe6 47.Re3+ Kd5 48.g4 Ra1 49.Kg3 Kc5 50.Kf4 Rxa3 51.g5 Ra1 52.Kf5 
Kd6 53.g6 1-0

[Event "80th POL-ch"]
[Site "Warszawa POL"]
[Date "2023.04.19"]
[Round "8.3"]
[White "Kiolbasa, Oliwia"]
[Black "Malcewska, Aleksandra"]
[Result "1-0"]
[WhiteElo "2429"]
[BlackElo "2410"]
[EventDate "2023.04.12"]
[PlyCount "109"]
1.e4 c5 2.Nf3 e6 3.d4 cxd4 4.Nxd4 Nf6 5.Nc3 Nc6 6.Nxc6 bxc6 7.e5 Nd5 8.Ne4
Qc7 9.f4 Qb6 10.a3 Ne3 11.Qd3 Nxf1 12.Rxf1 Ba6 13.c4 f5 14.Nd6+ Bxd6 15.
exd6 Qa5+ 16.Ke2 Rb8 17.b3 c5 18.Rf3 Bb7 19.Rg3 Be4 20.Qd1 g6 21.Bb2 Rg8 
22.Kf1 Qa6 23.Kg1 Rb6 24.Be5 Qb7 25.Ra2 a5 26.a4 Kd8 27.Rb2 Rf8 28.Rh3 Rf7
29.Qe1 Qa6 30.Qh4+ Ke8 31.Rd2 Qb7 32.Qg3 Qb8 33.Rxh7 Rxh7 34.Qxg6+ Rf7 35.
Qh5 Qa8 36.Bg7 Rxd6 37.Rxd6 Qb7 38.Rd2 Qxb3 39.Qh8+ Ke7 40.Qh4+ Ke8 41.
Qh8+ Ke7 42.Bc3 Qb1+ 43.Kf2 Bd3 44.Qh4+ Kd6 45.Ke3 Kc7 46.Rxd3 d5 47.Be5+ 
Kb7 48.Rd2 d4+ 49.Ke2 Qe4+ 50.Kf1 Qb1+ 51.Qe1 Qb3 52.Qe2 Ka7 53.Rb2 Qxa4 
54.Bd6 Qa3 55.Qd2 1-0

[Event "80th POL-ch"]
[Site "Warszawa POL"]
[Date "2023.04.19"]
[Round "8.4"]
[White "Goraj, Barbara"]
[Black "Rudzinska, Michalina"]
[Result "0-1"]
[WhiteElo "2141"]
[BlackElo "2244"]
[EventDate "2023.04.12"]
[PlyCount "206"]
1.e4 c5 2.Nf3 e6 3.d4 cxd4 4.Nxd4 a6 5.Bd3 Bc5 6.Nb3 Ba7 7.Qe2 Ne7 8.Be3 
Nbc6 9.Bxa7 Rxa7 10.N1d2 O-O 11.O-O-O d5 12.Kb1 b5 13.h4 Ne5 14.Nf3 Nxd3 
15.Rxd3 Qb6 16.e5 a5 17.h5 f5 18.exf6 Rxf6 19.Nbd4 Nf5 20.Nxf5 Rxf5 21.h6 
g6 22.Nd4 Rf4 23.Qd2 Raf7 24.f3 R4f6 25.Re1 b4 26.Rde3 Qd6 27.Re5 Rb7 28.
f4 Rb6 29.Qe3 Qf8 30.g3 Bd7 31.Nb3 Rc6 32.Nxa5 Ra6 33.Nb3 Qa8 34.Qd4 Rf7 
35.Qxb4 Rxa2 36.Kc1 Ra4 37.Qb6 Rf8 38.Kd2 Rc4 39.Ra1 Qc8 40.Nd4 Rc7 41.Ra7
Rxa7 42.Qxa7 Rf7 43.Re3 Qf8 44.Qb6 Qxh6 45.Nxe6 Bxe6 46.Qxe6 Qh2+ 47.Kd3 
Qh1 48.Re1 Qg2 49.Qe3 d4 50.Qxd4 Qc6 51.Qc4 Qb7 52.b3 Qa8 53.Re5 Kg7 54.
Qd4 Kh6 55.Kd2 Qg2+ 56.Kc1 Qxg3 57.Re4 Rf5 58.Kb2 Kh5 59.Qd1+ Qg4 60.Qh1+ 
Qh4 61.Qd1+ Qg4 62.Qd7 h6 63.Qd6 Qf3 64.Rd4 Qg3 65.b4 Kh4 66.Rd3 Qh2 67.
Kc3 Kh5 68.Rd4 Qg1 69.Kb2 Qg3 70.Qc7 g5 71.Rd6 Qxf4 72.Qb6 g4 73.Rd1 Qe5+ 
74.Kb1 Rf6 75.Qb7 Kg6 76.Qc8 Qe4 77.Qc5 g3 78.Rd4 Qf5 79.Qc7 Qg5 80.Rd7 
Kh5 81.Rg7 Rg6 82.Rd7 Rf6 83.Rg7 Rg6 84.Rd7 Qg4 85.Rd5+ Rg5 86.Qf7+ Kh4 
87.Rxg5 Qxb4+ 88.Kc1 Qe1+ 89.Kb2 Qb4+ 90.Kc1 hxg5 91.Qh7+ Kg4 92.Qd7+ Kf3 
93.Kd1 Qb1+ 94.Kd2 Qb4+ 95.Kd1 Kf2 96.Qa7+ Kf3 97.Qa8+ Kf2 98.Qa7+ Kg2 99.
Qa8+ Kh2 100.Qh8+ Qh4 101.Qb8 Qd4+ 102.Ke2 Qf2+ 103.Kd3 Qf3+ 0-1

[Event "80th POL-ch"]
[Site "Warszawa POL"]
[Date "2023.04.19"]
[Round "8.5"]
[White "Kulon, Klaudia"]
[Black "Sliwicka, Alicja"]
[Result "0-1"]
[WhiteElo "2317"]
[BlackElo "2289"]
[EventDate "2023.04.12"]
[PlyCount "134"]
1.e4 c5 2.Nf3 d6 3.d4 cxd4 4.Nxd4 Nf6 5.Nc3 Nc6 6.Bg5 e6 7.Qd2 a6 8.Nxc6 
bxc6 9.O-O-O Qa5 10.Bc4 Be7 11.Bxf6 gxf6 12.f4 f5 13.Rhe1 Bd7 14.Bb3 Rg8 
15.exf5 Qxf5 16.Ne4 d5 17.Ng3 Qf6 18.c4 a5 19.Ne4 Qg6 20.Bc2 Qg7 21.Nc3 
Rb8 22.Ba4 Bb4 23.f5 Qxg2 24.fxe6 Qxd2+ 25.Rxd2 fxe6 26.cxd5 cxd5 27.Rxe6+
Kd8 28.Rxd5 Rg1+ 29.Kc2 Rb7 30.Bc6 Rg2+ 31.Kb3 Bd6+ 32.Bxb7 Bxe6 33.h3 Rh2
34.Ka4 Bxd5 35.Bxd5 Rxb2 36.a3 Ke7 37.Be4 h5 38.Bg6 h4 39.Nb5 Rf2 40.Bh5 
Rf4+ 41.Kxa5 Bxa3 42.Bd1 Bb4+ 43.Kb6 Ke6 44.Nc7+ Ke5 45.Kb5 Bd6 46.Ne8 Bf8
47.Nc7 Kd6 48.Na6 Kd7 49.Be2 Bd6 50.Bd3 Rf3 51.Be4 Ra3 52.Bf5+ Ke7 53.Bg4 
Kf6 54.Bd7 Ke5 55.Bg4 Kd5 56.Bd7 Ke4 57.Bc8 Kf4 58.Kc4 Ke5 59.Kb5 Rc3 60.
Bd7 Kf4 61.Be6 Kg3 62.Bd7 Kh2 63.Bf5 Rxh3 64.Kc6 Ra3 65.Bc8 Rc3+ 66.Kd7 h3
67.Bb7 Rd3 0-1

[Event "80th POL-ch"]
[Site "Warszawa POL"]
[Date "2023.04.20"]
[Round "9.1"]
[White "Rudzinska, Michalina"]
[Black "Antolak, Julia"]
[Result "1/2-1/2"]
[WhiteElo "2244"]
[BlackElo "2245"]
[EventDate "2023.04.12"]
[PlyCount "60"]
1.e4 e5 2.Nf3 Nc6 3.Bb5 a6 4.Ba4 Nf6 5.O-O Be7 6.d3 b5 7.Bb3 d6 8.a4 Bd7 
9.c3 O-O 10.Bc2 h6 11.Nbd2 Re8 12.Re1 Bf8 13.h3 Ne7 14.axb5 axb5 15.Rxa8 
Qxa8 16.Nh4 g5 17.Nhf3 Ng6 18.Nf1 Qc8 19.Ng3 Nf4 20.Nh2 Bg7 21.d4 c5 22.
dxe5 dxe5 23.Nf5 Bxf5 24.exf5 e4 25.Bxf4 gxf4 26.Ng4 Qxf5 27.Nxf6+ Bxf6 
28.Qf3 Qg5 29.Rxe4 Rxe4 30.Qxe4 b4 1/2-1/2

[Event "80th POL-ch"]
[Site "Warszawa POL"]
[Date "2023.04.20"]
[Round "9.2"]
[White "Kaszlinska, Alina"]
[Black "Goraj, Barbara"]
[Result "1/2-1/2"]
[WhiteElo "2483"]
[BlackElo "2141"]
[EventDate "2023.04.12"]
[PlyCount "123"]
1.d4 d5 2.c4 c6 3.Nf3 Nf6 4.Nc3 e6 5.Bg5 h6 6.Bh4 Be7 7.e3 Nbd7 8.Qc2 O-O 
9.a3 b6 10.Bd3 Bb7 11.O-O Rc8 12.Qe2 Ne4 13.Bg3 Nxg3 14.hxg3 dxc4 15.Bxc4 
b5 16.Bd3 a6 17.b4 a5 18.Rab1 Ra8 19.Rb3 Qb8 20.Bb1 e5 21.Qc2 g6 22.Nh4 
Qd6 23.Nf5 Qe6 24.Nxe7+ Qxe7 25.Ne2 axb4 26.axb4 Ra4 27.Qb2 Nb6 28.Rc1 Nc4
29.Qc3 e4 30.Bc2 Rfa8 31.Qe1 Nb6 32.Rbb1 Ra3 33.Nc3 f5 34.Bb3+ Kh7 35.Ne2 
Qd6 36.Rc5 Nd7 37.Rc2 Bc8 38.Qc1 R3a6 39.Nf4 g5 40.Ne2 Nf6 41.d5 Nxd5 42.
Bxd5 Qxd5 43.Nd4 Bd7 44.Rc5 Qa2 45.Nb3 Be6 46.Rc2 Qxb3 47.Rxb3 Bxb3 48.Rb2
Ra1 49.Rb1 Rxb1 50.Qxb1 Bd5 51.Qb2 Kg6 52.Qe5 g4 53.Kf1 Ra2 54.Ke1 Rc2 55.
Qe8+ Kg5 56.Qe7+ Kg6 57.Qe5 Ra2 58.Qd6+ Kg7 59.Qf4 Kg6 60.Kd1 Bb3+ 61.Kc1 
Bd5 62.Qd6+ 1/2-1/2

[Event "80th POL-ch"]
[Site "Warszawa POL"]
[Date "2023.04.20"]
[Round "9.3"]
[White "Sliwicka, Alicja"]
[Black "Zawadzka, Jolanta"]
[Result "0-1"]
[WhiteElo "2289"]
[BlackElo "2350"]
[EventDate "2023.04.12"]
[PlyCount "78"]
1.e4 Nf6 2.e5 Nd5 3.d4 d6 4.c4 Nb6 5.exd6 cxd6 6.Nc3 g6 7.Be3 Bg7 8.Rc1 
O-O 9.b3 d5 10.c5 Nc6 11.f4 Nd7 12.Nf3 Nxc5 13.dxc5 d4 14.Nxd4 Nxd4 15.Nb5
e5 16.Nd6 Qe7 17.Kf2 Nf5 18.Nxf5 Bxf5 19.Qd6 Qe8 20.Rd1 Rc8 21.Bc4 Bg4 22.
Rd2 Rc6 23.Qd3 exf4 24.Bd4 Bxd4+ 25.Qxd4 Qe7 26.Bd5 Rxc5 27.Qxf4 Qh4+ 28.
g3 Qh5 29.Be4 Re8 30.Bb1 Rce5 31.Bd3 Re3 32.Kg1 Rf3 33.Qc4 Re1+ 34.Bf1 
Rfxf1+ 35.Qxf1 Rxf1+ 36.Kxf1 Qf5+ 37.Rf2 Bf3 38.Kg1 Qe4 39.Rxf3 Qxf3 0-1

[Event "80th POL-ch"]
[Site "Warszawa POL"]
[Date "2023.04.20"]
[Round "9.4"]
[White "Malcewska, Aleksandra"]
[Black "Kulon, Klaudia"]
[Result "1-0"]
[WhiteElo "2410"]
[BlackElo "2317"]
[EventDate "2023.04.12"]
[PlyCount "83"]
1.e4 c5 2.Nf3 Nc6 3.Bb5 g6 4.O-O Bg7 5.c3 Nf6 6.Re1 O-O 7.d4 a6 8.Bf1 cxd4
9.cxd4 d5 10.e5 Ne4 11.Nc3 Bf5 12.Nh4 Be6 13.f3 Nxc3 14.bxc3 Qc8 15.f4 f6 
16.exf6 Bxf6 17.Nf3 Bg4 18.h3 Bxf3 19.Qxf3 e6 20.Qg4 Re8 21.Bd2 Kf7 22.Bd3
b5 23.h4 b4 24.h5 Ne7 25.Rac1 bxc3 26.Bxc3 Qd7 27.Qh3 Rac8 28.Bxa6 Rc7 29.
Bb5 Qxb5 30.Qxe6+ Kg7 31.h6+ Kxh6 32.Qxf6 Ng8 33.Qg5+ Kg7 34.Rxe8 Qxe8 35.
Re1 Qd7 36.Bb4 Rc4 37.Qe5+ Kf7 38.Qh8 Qc8 39.Qxh7+ Kf6 40.Be7+ Kf5 41.Qh3+
Kxf4 42.Qf3# 1-0

[Event "80th POL-ch"]
[Site "Warszawa POL"]
[Date "2023.04.20"]
[Round "9.5"]
[White "Socko, Monika"]
[Black "Kiolbasa, Oliwia"]
[Result "0-1"]
[WhiteElo "2440"]
[BlackElo "2429"]
[EventDate "2023.04.12"]
[PlyCount "128"]
1.d4 d5 2.Bg5 Nd7 3.e3 Ngf6 4.Nd2 e6 5.Ngf3 h6 6.Bh4 Be7 7.Bd3 O-O 8.O-O 
c5 9.c3 b6 10.Ne5 Bb7 11.f4 Ne4 12.Bxe7 Qxe7 13.Bxe4 dxe4 14.Nxd7 Qxd7 15.
dxc5 bxc5 16.Nb3 Qe7 17.Qe2 a5 18.Rfd1 a4 19.Nd2 Rfd8 20.Nf1 Ba6 21.c4 Qb7
22.Qc2 Qb4 23.Nd2 Bb7 24.a3 Qb6 25.Nf1 Rd3 26.Rab1 Qd6 27.Rd2 Bc6 28.Rf2 
Rb8 29.f5 exf5 30.Rxf5 Bd7 31.Rf2 Qe5 32.Re1 Rbb3 33.Qc1 Be6 34.Ree2 Qb8 
35.Rc2 Qe5 36.Qe1 Kh7 37.Rfe2 f5 38.Rf2 Qd6 39.Qa5 Rd1 40.Rcd2 Rd3 41.Rxd1
Rxd1 42.Qc3 Qd3 43.Qxd3 exd3 44.Rd2 Rc1 45.Kf2 Bxc4 46.Ng3 g6 47.h4 h5 48.
e4 f4 49.Nf1 Ba6 50.Nh2 c4 51.Nf3 Kg7 52.e5 Bc8 53.Nd4 Bg4 54.g3 f3 55.e6 
Kf6 56.Ke3 Re1+ 57.Kf2 Re2+ 58.Rxe2 fxe2 59.Ke1 Bxe6 60.Nf3 Bd5 61.Ng5 Kf5
62.Nh3 Kg4 63.Nf4 Kf3 64.Nxd5 d2+ 0-1